000 00298nam a22001337a 4500
008 170612b xxu||||| |||| 00| 0 eng d
020 _a9780691117942
041 _aeng
080 _a94(7/8)
100 _a19
101 _aSHP
245 _aAMERICA'S CRISIS OF VALUES
_cBAKER, W
942 _2udc
_cBK
999 _c17008
_d17008